| 000 | 003470000a22001450004500 | ||
|---|---|---|---|
| 003 | MACL | ||
| 040 | _aMACL | ||
| 090 |
_c32561 _d32559 |
||
| 100 | _aRajalakshmi, N. | ||
| 245 | _aEnvironmental cost Of Economic Evaluation | ||
| 260 |
_bManak Publication _c2002 |
||
| 350 | _a600 | ||
| 650 | _aEconomics Of Land & Energy | ||
| 942 |
_cBOOK _k333.7/Raj |
||
| 999 |
_c32228 _d32228 |
||